The approximate minimization of functionals /
Guardado en:
| Autor Principal: | |
|---|---|
| Formato: | Libro |
| Idioma: | English |
| Publicado: |
Englewood Cliffs, N.J. :
Prentice-Hall,
[1971]
|
| Series: | Prentice-Hall series in automatic computation
|
| Materias: | |
| Etiquetas: |
Agregar Etiqueta
Sin Etiquetas, Sea el primero en etiquetar este registro!
|
| LEADER | 00807cam a2200253 a 4500 | ||
|---|---|---|---|
| 001 | MAT.inmabb005793 | ||
| 008 | 710209s1971####nju######b####001#0#eng## | ||
| 005 | 20170612123232.0 | ||
| 245 | 1 | 4 | |a The approximate minimization of functionals / |c [by] James W. Daniel. |
| 260 | |a Englewood Cliffs, N.J. : |b Prentice-Hall, |c [1971] | ||
| 300 | |a xi, 228 p. ; |c 24 cm. | ||
| 490 | 0 | |a Prentice-Hall series in automatic computation | |
| 504 | |a Bibliografía: p. 213-223. | ||
| 510 | 4 | |a MR, |c 42 #7279 | |
| 020 | |a 0130438774 | ||
| 100 | 1 | |a Daniel, James W. | |
| 650 | 0 | |a Mathematical optimization. | |
| 650 | 0 | |a Maxima and minima. | |
| 650 | 0 | |a Functionals. | |
| 650 | 0 | |a Approximation theory. | |
| 084 | |a 90.58 (93.00) |2 MR | ||
| 010 | |a 70133091 | ||
| 040 | |a DLC |c DLC |d DLC | ||
| 859 | |h 90 |i D184 |p A-4241 |b BIB. MATEMATICA | ||
